Представление документа в формате RUSMARC

ПолеНазваниеЗначение
  Тип записи a
  Библиографический уровень a
001 Контрольный номер RU/IS/BASE/503601311
005 Дата корректировки 20240207192927.5
100 Данные общей обработки __
a Данные общей обработки 20151216d2015 ||| 0rusy0189 ca
101 Язык документа 0_
a Язык текста rus
102 Страна публикации __
a Страна публикации RU
105 Кодированные данные (монография) __
a Кодированные данные (монография) y###||||000|y
200 Заглавие и сведения об ответственности 1_
a Заглавие Что такое кёрлинг?
b Общее обозначение материала Текст
e Сведения, относящиеся к заглавию [о кёрлинге - зимнем виде спорта]
461 Уровень набора _0
1 2001
a Наш Филиппок
463 Уровень физической единицы _0
1 2001
a № 11
v С. 28 : ил.
1 210
d 2015
606 Тематические рубрики 0_
a Основная рубрика Зимний спорт
610 Ключевые слова 0_
a Ключевые слова спорт
610 Ключевые слова 0_
a Ключевые слова виды спорта
610 Ключевые слова 0_
a Ключевые слова зимний спорт
610 Ключевые слова 0_
a Ключевые слова зимние виды спорта
610 Ключевые слова 0_
a Ключевые слова кёрлинг
610 Ключевые слова 0_
a Ключевые слова спортсмены
610 Ключевые слова 0_
a Ключевые слова кёрлингисты
686 Индексы других классификаций __
a Классификационный индекс 75.719
2 Код системы rubbk
801 Источник записи _0
a Страна RU
b Организация Ульяновская ОБДЮ
c Дата составления 20151216
g Правила каталогизации RCR
801 Источник записи _1
a Страна RU
b Организация Ульяновская ОБДЮ
c Дата составления 20151216
g Правила каталогизации RCR
901 Тип документа __
t Тип документа b
910 Корректоры записи __
a Корректор записи Михайлова Н.Ю.
919 __
a Михайлова Н.Ю.
938 Служебная информация __
a Имя БД BibStat
b Имя библиотеки ОБДЮ